Datum a čas kvízu
25.5
Celkem bodů
Celkový počet nahraných bodů na tomto kvízu bez doplňovacích otázek.
3.
Pořadí na kvízu
Konečné umístění týmu na tomto kvízu.
Zaznamenané odpovědi
| # | Otázka | Odpověď | Body | Výsledky |
|---|---|---|---|---|
| 1. | „S teroristy se nevyjednává, s... | tygra stane vegetarián | 0 | |
| 2. | Dvaaosmdesátiletý prezident Ab... | Alžírsko | 0 | |
| 3. | Stejně jako je _____ _____ cen... | Skleněný pokoj | 1 | |
| 4. | Možná jste i Vy zaznamenali, ž... | 1 | ||
| 5. | Slavný holandský kouč, bývalý... | Louis van Gaal | 1 | |
| 1. | Toto téma jste vybrali prostře... | DEA | 1 | |
| 2. | Hlavní postava seriálu Ve jmén... | Írán | 0 | |
| 3. | Jak se nazývá velké anglické m... | Birmingham | 0 | |
| 4. | Herečku Robin Wrightovou, jedn... | Forrest Gump | 0 | |
| 5. | Jak se jmenuje český herec, da... | Aleš Háma | 0 |